[Event "CHN-ch U16 Girls"]
[Site "Shenzhen"]
[Date "2023.08.02"]
[Round "11"]
[White "Zhai, Pinran"]
[Black "Wang, Xiyue"]
[Result "1-0"]
[WhiteElo "1591"]
[BlackElo "1599"]
[PlyCount "149"]
[EventDate "2023.07.28"]
[EventType "swiss"]
[EventRounds "11"]
[EventCountry "CHN"]
[SourceTitle "CBM 215 Extra"]
[Source "ChessBase"]
[SourceDate "2023.09.30"]
[SourceVersion "1"]
[SourceVersionDate "2023.09.30"]
[SourceQuality "1"]

1. e4 c5 2. Nf3 e6 3. d4 cxd4 4. Nxd4 a6 5. Bd3 Nf6 6. 0-0 Qc7 7. f4 Bc5 8. c3 Qb6 9. Kh1 Bxd4 10. cxd4 Qxd4 11. Nc3 Nc6 12. e5 Ng4 13. Qe2 f5 14. exf6 Nxf6 15. Be3 Qb4 16. a3 Qe7 17. Ne4 Nxe4 18. Bxe4 0-0 19. Qc2 g6 20. Rad1 Qf6 21. Bc5 Rf7 22. Bd6 b5 23. Be5 Qe7 24. Bxc6 dxc6 25. Qxc6 Bb7 26. Qd6 Rc8 27. Qxe7 Rxe7 28. Rd2 Bd5 29. Kg1 Ree8 30. Kf2 Rc6 31. Bc3 Kf7 32. Re1 Rec8 33. g4 Rc4 34. Kg3 h5 35. h3 h4+ 36. Kxh4 Rxf4 37. Ree2 Rcc4 38. Rf2 Ke7 39. Kg5 Rxf2 40. Rxf2 Be4 41. Bb4+ Kd7 42. Rd2+ Kc7 43. Kf6 Rc6 44. Re2 Bf3 45. Rxe6 Rc2 46. Bc3 Bg2 47. Re3 Rc1 48. Rg3 Be4 49. Re3 Bg2 50. Kxg6 Rh1 51. g5 Bxh3 52. Re7+ Kb6 53. Kf7 Bf1 54. Re6+ Kb7 55. Rf6 Bc4+ 56. Kg7 Rg1 57. g6 Rg2 58. Kf8 a5 59. g7 b4 60. axb4 axb4 61. Bd4 b3 62. Rf7+ Bxf7 63. Kxf7 Kc6 64. g8Q Rxg8 65. Kxg8 Kb5 66. Kf7 Kc4 67. Bc3 Kd5 68. Kf6 Kd6 69. Kf5 Kd5 70. Bg7 Kc4 71. Ke4 Kb4 72. Kd4 Ka4 73. Kc4 Ka5 74. Kxb3 Kb5 75. Bd4 1-0

[Event "CHN-chT (Women)"]
[Site "Daqing"]
[Date "2019.06.27"]
[Round "9.5"]
[White "Chen, Yining"]
[Black "Wang, Xiyue"]
[Result "1-0"]
[WhiteElo "1677"]
[BlackElo "1502"]
[PlyCount "119"]
[EventDate "2019.06.19"]
[EventType "team-swiss"]
[EventRounds "9"]
[EventCountry "CHN"]
[SourceTitle "CBM 191 Extra"]
[Source "ChessBase"]
[SourceDate "2019.09.30"]
[SourceVersion "1"]
[SourceVersionDate "2019.09.30"]
[SourceQuality "1"]
[WhiteTeam "Wuxi (W)"]
[BlackTeam "Shandong (W)"]
[WhiteTeamCountry "CHN"]
[BlackTeamCountry "CHN"]

1. d4 Nf6 2. c4 e6 3. Nf3 c6 4. Nc3 d5 5. Bg5 dxc4 6. e4 b5 7. e5 h6 8. Bh4 g5 9. Nxg5 hxg5 10. Bxg5 Nbd7 11. g3 Bb7 12. Bg2 Be7 13. exf6 Nxf6 14. 0-0 Qb6 15. Qf3 Qxd4 16. Nxb5 Qe5 17. Bxf6 Bxf6 18. Nd6+ Qxd6 19. Qxf6 Qf8 20. Rfd1 Qh6 21. Qxh6 Rxh6 22. Rac1 Rd8 23. Rxd8+ Kxd8 24. Rxc4 Kc7 25. f4 Rh8 26. Rd4 Rh5 27. Rd2 Rc5 28. Bf3 Ba6 29. h4 Rf5 30. Rc2 Bb7 31. h5 Rf6 32. Rc5 Rh6 33. g4 Kd6 34. b4 Rh8 35. Rg5 Ke7 36. Rc5 Kd6 37. Rc2 Ba8 38. Rd2+ Ke7 39. Kf2 a6 40. Ke3 Rb8 41. a3 Rh8 42. Kd3 Rb8 43. Kc4 f6 44. a4 e5 45. fxe5 fxe5 46. Be4 Bb7 47. Kc5 Rg8 48. Bf5 Bc8 49. Bxc8 Rxc8 50. g5 Kf7 51. Rf2+ Kg7 52. Re2 Rh8 53. h6+ Kg6 54. Rxe5 Rd8 55. Re6+ Kxg5 56. Rxc6 Rd1 57. Rxa6 Rc1+ 58. Kb5 Rf1 59. Rc6 Rf5+ 60. Rc5 1-0

[Event "CHN-chT (Women)"]
[Site "Daqing"]
[Date "2019.06.25"]
[Round "7.1"]
[White "Dai, Jiaying"]
[Black "Wang, Xiyue"]
[Result "1/2-1/2"]
[WhiteElo "1599"]
[BlackElo "1502"]
[PlyCount "60"]
[EventDate "2019.06.19"]
[EventType "team-swiss"]
[EventRounds "9"]
[EventCountry "CHN"]
[SourceTitle "CBM 191 Extra"]
[Source "ChessBase"]
[SourceDate "2019.09.30"]
[SourceVersion "1"]
[SourceVersionDate "2019.09.30"]
[SourceQuality "1"]
[WhiteTeam "Shanghai (W)"]
[BlackTeam "Shandong (W)"]
[WhiteTeamCountry "CHN"]
[BlackTeamCountry "CHN"]

1. e4 c5 2. Nf3 e6 3. d4 cxd4 4. Nxd4 a6 5. Bd3 Nc6 6. Nxc6 dxc6 7. f4 Bc5 8. Qf3 Nf6 9. Be3 Qb6 10. Bxc5 Qxc5 11. Qf2 Qxf2+ 12. Kxf2 0-0 13. Nd2 e5 14. f5 b5 15. a4 Bb7 16. Nb3 Nd7 17. Na5 Rab8 18. axb5 axb5 19. Rhd1 Ba8 20. Kf3 Rfd8 21. Ra3 b4 22. Raa1 Nc5 23. Nc4 f6 24. b3 Rd4 25. Nb6 Nxd3 26. Rxd3 Rxd3+ 27. cxd3 Rxb6 28. Rxa8+ Kf7 29. Ra7+ Kf8 30. Ke3 c5 1/2-1/2

[Event "CHN-chT (Women)"]
[Site "Daqing"]
[Date "2019.06.24"]
[Round "6.4"]
[White "Wang, Xiyue"]
[Black "Huang, Mofei"]
[Result "1-0"]
[WhiteElo "1502"]
[BlackElo "1993"]
[PlyCount "97"]
[EventDate "2019.06.19"]
[EventType "team-swiss"]
[EventRounds "9"]
[EventCountry "CHN"]
[SourceTitle "CBM 191 Extra"]
[Source "ChessBase"]
[SourceDate "2019.09.30"]
[SourceVersion "1"]
[SourceVersionDate "2019.09.30"]
[SourceQuality "1"]
[WhiteTeam "Shandong (W)"]
[BlackTeam "Zhejiang (W)"]
[WhiteTeamCountry "CHN"]
[BlackTeamCountry "CHN"]

1. e4 c6 2. d4 d5 3. Nc3 dxe4 4. Nxe4 Bf5 5. Ng3 Bg6 6. h4 h6 7. Nf3 Nd7 8. h5 Bh7 9. Bd3 Bxd3 10. Qxd3 e6 11. Bf4 Qa5+ 12. Bd2 Qc7 13. 0-0-0 Ngf6 14. Kb1 Bd6 15. Ne4 Nxe4 16. Qxe4 Nf6 17. Qe2 0-0-0 18. c4 Nd7 19. Rhe1 Rhe8 20. Ne5 Nxe5 21. dxe5 Bc5 22. Bc3 Qb6 23. f3 Rxd1+ 24. Rxd1 Rd8 25. Rxd8+ Kxd8 26. Qd2+ Kc8 27. Ba5 Be3 28. Bxb6 Bxd2 29. Bxa7 Kc7 30. Bd4 b6 31. Kc2 Be1 32. Kd3 c5 33. Bc3 Bg3 34. Ke4 Kc6 35. a4 Bh4 36. f4 Be7 37. f5 Bg5 38. b4 Kd7 39. b5 Bc1 40. a5 bxa5 41. Bxa5 Bb2 42. Bd2 Bd4 43. f6 gxf6 44. exf6 Bxf6 45. Bxh6 Bd4 46. Be3 f5+ 47. Kd3 e5 48. Bxd4 cxd4 49. h6 1-0

[Event "Wch U12 Girls"]
[Site "Weifang"]
[Date "2019.??.??"]
[Round "6"]
[White "Savitha Shri, B."]
[Black "Wang, Xiyue"]
[Result "1-0"]
[WhiteElo "2010"]
[BlackElo "1540"]
[PlyCount "108"]
[EventDate "2019.08.21"]
[EventType "swiss"]
[EventRounds "11"]
[EventCountry "CHN"]
[SourceTitle "EXT 2020"]
[Source "ChessBase"]
[SourceDate "2019.10.17"]
[SourceVersion "1"]
[SourceVersionDate "2019.10.17"]
[SourceQuality "1"]

1. e4 c5 2. Nf3 e6 3. d4 cxd4 4. Nxd4 a6 5. Bd3 Nc6 6. Nxc6 dxc6 7. Nd2 Qc7 8. 0-0 e5 9. a4 Nf6 10. Nc4 Be6 11. Qe2 Be7 12. Bd2 Bxc4 13. Bxc4 0-0 14. a5 c5 15. Ra3 Rad8 16. Re3 Kh8 17. Rh3 Rd4 18. f3 Rd7 19. b3 Rfd8 20. Bd3 c4 21. bxc4 Bc5+ 22. Kh1 Re8 23. Qe1 Bf8 24. Bg5 Re6 25. f4 h6 26. f5 Rc6 27. Bd2 Nh7 28. g4 Be7 29. Rhf3 Qd8 30. Qa1 Qc7 31. Be1 Ng5 32. Re3 f6 33. Bd2 Bc5 34. Rg3 Nxe4 35. Bxe4 Rxd2 36. g5 fxg5 37. Qa4 Rf6 38. Rb3 Qf7 39. Rd3 Rxd3 40. cxd3 g6 41. Rb1 Rxf5 42. Bxf5 Qxf5 43. Qd1 e4 44. Qf1 Qxf1+ 45. Rxf1 exd3 46. Rd1 Bb4 47. Rxd3 Bxa5 48. Rd6 b6 49. Rd7 Bb4 50. Ra7 b5 51. Rxa6 bxc4 52. Rxg6 Kh7 53. Rc6 c3 54. Kg2 c2 1-0

[Event "Wch U12 Girls"]
[Site "Weifang"]
[Date "2019.??.??"]
[Round "?"]
[White "Shvedova, Alexandra"]
[Black "Wang, Xiyue"]
[Result "1/2-1/2"]
[WhiteElo "1932"]
[BlackElo "1540"]
[PlyCount "111"]
[EventDate "2019.08.21"]
[EventType "swiss"]
[EventRounds "11"]
[EventCountry "CHN"]
[SourceTitle "EXT 2020"]
[Source "ChessBase"]
[SourceDate "2019.10.17"]
[SourceVersion "1"]
[SourceVersionDate "2019.10.17"]
[SourceQuality "1"]

1. e4 c5 2. Nf3 e6 3. d4 cxd4 4. Nxd4 a6 5. Nc3 Qc7 6. Qf3 Nf6 7. Qg3 Qxg3 8. hxg3 Bb4 9. f3 Nc6 10. Nxc6 bxc6 11. e5 Nd5 12. Bd2 Rb8 13. Ne4 Be7 14. 0-0-0 Bb7 15. c4 f5 16. cxd5 fxe4 17. d6 Bd8 18. fxe4 0-0 19. Be3 c5 20. Bd3 Rc8 21. b3 Bb6 22. Rh4 c4 23. Bxb6 cxd3+ 24. Bc7 Rf2 25. Rd2 Rcf8 26. Rg4 Rf1+ 27. Kb2 R1f2 28. Ba5 Re2 29. Kc3 Rxe4 30. Rxe4 Bxe4 31. Kd4 Bg6 32. Kc5 Rb8 33. Bb6 Kf7 34. Rf2+ Kg8 35. a4 Be4 36. b4 h6 37. b5 axb5 38. axb5 Kh7 39. Bc7 Ra8 40. Kd4 Ra4+ 41. Ke3 Bb7 42. Rf7 Re4+ 43. Kxd3 Rxe5 44. Rxd7 Rxb5 45. Re7 Rd5+ 46. Kc4 Bc8 47. Bb8 Ba6+ 48. Kc3 e5 49. Ra7 Bc8 50. Kc4 Be6 51. Re7 Rxd6+ 52. Kc5 Rd8 53. Bd6 Bg4 54. Bxe5 Rd7 55. Re8 Kg6 56. Bd6 1/2-1/2

[Event "Wch U12 Girls"]
[Site "Weifang"]
[Date "2019.??.??"]
[Round "11"]
[White "Wang, Xiyue"]
[Black "Manko, Mariya"]
[Result "0-1"]
[WhiteElo "1540"]
[BlackElo "1895"]
[PlyCount "138"]
[EventDate "2019.08.21"]
[EventType "swiss"]
[EventRounds "11"]
[EventCountry "CHN"]
[SourceTitle "EXT 2020"]
[Source "ChessBase"]
[SourceDate "2019.10.17"]
[SourceVersion "1"]
[SourceVersionDate "2019.10.17"]
[SourceQuality "1"]

1. e4 c5 2. Nf3 d6 3. d4 cxd4 4. Nxd4 Nf6 5. Nc3 g6 6. Be3 Bg7 7. f3 0-0 8. Qd2 Nc6 9. Bc4 Nxd4 10. Bxd4 Qa5 11. 0-0-0 Be6 12. Bb3 b5 13. a3 Bxb3 14. cxb3 b4 15. Na2 Qc7+ 16. Qc2 Qxc2+ 17. Kxc2 Rfc8+ 18. Kb1 bxa3 19. bxa3 Rab8 20. Kb2 Nd7 21. Bxg7 Kxg7 22. Nc1 Nc5 23. Rd4 Rb6 24. Rb4 Rbc6 25. Rc4 a5 26. Ka2 e5 27. Ne2 f5 28. Rhc1 Kf7 29. h4 Ke6 30. R1c2 Kd7 31. Nc3 R6c7 32. Nd5 Rb7 33. b4 axb4 34. Rxb4 Rxb4 35. axb4 Ra8+ 36. Kb1 Rb8 37. Rc4 fxe4 38. Nf6+ Ke6 39. Nxe4 Kd5 40. Nd2 Na6 41. Kc2 Rxb4 42. Rxb4 Nxb4+ 43. Kc3 Nc6 44. Ne4 h6 45. Kd3 Ke6 46. Nc3 Nd4 47. Ke4 Nf5 48. Nd1 Nxh4 49. Ne3 Nf5 50. Ng4 h5 51. Nf2 d5+ 52. Kd3 Nh4 53. Ke3 Nxg2+ 54. Ke2 Kf5 55. Kf1 Nf4 56. Ke1 e4 57. fxe4+ dxe4 58. Kd2 g5 59. Ke3 Ng2+ 60. Ke2 g4 61. Kf1 Nf4 62. Kg1 e3 63. Nh1 h4 64. Kf1 Ke4 65. Ke1 Kf3 66. Kf1 g3 67. Kg1 e2 68. Nxg3 hxg3 69. Kh1 e1Q# 0-1